| 000 | 00604nam a22001697a 4500 | ||
|---|---|---|---|
| 003 | PILC | ||
| 005 | 20160307125358.0 | ||
| 008 | 160307b xxu||||| |||| 00| 0 eng d | ||
| 020 | _a9789710167548 | ||
| 050 |
_aHF 5691 _b.An553 2015 |
||
| 100 | _aAndrada, Corazon J. | ||
| 245 |
_aMathematics of investment / _cCorazon J. Andrada, Madeline G. Concepcion, Myrna G. Cruz, Christie R. Hilario, Rolan J. Malvar, Normita A. Villa. |
||
| 260 |
_aQuezon City : _bMaxCor Publishing House, Inc., _c2015. |
||
| 300 |
_aviii, 301 pages : _billustrations ; _c26 cm. |
||
| 650 | _aInvestment. | ||
| 942 |
_2lcc _cBK _kLOC |
||
| 999 |
_c291464 _d291464 |
||